[Event "Brasschaat op 03rd"]
[Site "Brasschaat"]
[Date "2003.08.25"]
[Round "3"]
[White "Huyck, Walter"]
[Black "Maas, Eddy"]
[Result "1-0"]
[WhiteElo "1891"]
[BlackElo "1573"]
[PlyCount "51"]
[EventDate "2003.08.24"]
[EventType "swiss"]
[EventRounds "9"]
[EventCountry "BEL"]
[SourceTitle "EXT 2017"]
[Source "ChessBase"]
[SourceDate "2016.10.25"]
[SourceVersion "1"]
[SourceVersionDate "2016.10.25"]
[SourceQuality "1"]

1. d4 Nf6 2. c4 g6 3. Nc3 Bg7 4. e4 d6 5. Nf3 0-0 6. Be2 Nbd7 7. 0-0 e5 8. Re1 exd4 9. Nxd4 Nc5 10. f3 Ncd7 11. Bg5 a6 12. Bf1 c5 13. Nc2 Qc7 14. Ne3 b6 15. Ned5 Qd8 16. Qd2 Re8 17. Rad1 Re6 18. f4 Bb7 19. e5 dxe5 20. Nxf6+ Bxf6 21. Qxd7 Qxd7 22. Rxd7 Bxg5 23. fxg5 Bc6 24. Rd2 Rae8 25. Nd5 Bxd5 26. cxd5 1-0

[Event "Brasschaat op 01st"]
[Site "Brasschaat"]
[Date "2001.08.23"]
[Round "5"]
[White "Baete, Guy"]
[Black "Maas, Eddy"]
[Result "1-0"]
[WhiteElo "1916"]
[BlackElo "1630"]
[PlyCount "47"]
[EventDate "2001.08.19"]
[EventType "swiss"]
[EventRounds "7"]
[EventCountry "BEL"]
[SourceTitle "EXT 2017"]
[Source "ChessBase"]
[SourceDate "2016.10.25"]
[SourceVersion "1"]
[SourceVersionDate "2016.10.25"]
[SourceQuality "1"]

1. d4 Nf6 2. Nc3 g6 3. e4 d6 4. Nf3 Bg4 5. Be2 Bg7 6. 0-0 0-0 7. Be3 Nbd7 8. Qd2 c6 9. Rad1 Qc7 10. Bh6 Rad8 11. h3 Bxf3 12. Bxf3 e5 13. Bxg7 Kxg7 14. g4 exd4 15. Qxd4 Ne5 16. Bg2 c5 17. Qe3 h6 18. f4 Nexg4 19. hxg4 Nxg4 20. Qg3 h5 21. Nd5 Qd7 22. f5 Kh8 23. Qf4 Ne5 24. Qh6+ 1-0